UBT Library

A historical guide to the U.S. government / (Record no. 43982)

000 -LEADER
fixed length control field 00856cam a2200253 a 4500
001 - CONTROL NUMBER
control field 4965000
005 - DATE AND TIME OF LATEST TRANSACTION
control field 20180302043801.0
008 - FIXED-LENGTH DATA ELEMENTS--GENERAL INFORMATION
fixed length control field 971202s1998 nyua be 001 0 eng
010 ## - LIBRARY OF CONGRESS CONTROL NUMBER
LC control number 97047442
020 ## - INTERNATIONAL STANDARD BOOK NUMBER
International Standard Book Number 0195102304 (acidfree paper)
040 ## - CATALOGING SOURCE
Original cataloging agency DLC
Transcribing agency DLC
Modifying agency DLC
041 ## - LANGUAGE CODE
Language code of text/sound track or separate title eng
043 ## - GEOGRAPHIC AREA CODE
Geographic area code n-us---
080 ## - UNIVERSAL DECIMAL CLASSIFICATION NUMBER
Universal Decimal Classification number 352.30973 geo
082 00 - DEWEY DECIMAL CLASSIFICATION NUMBER
Classification number 352.30973 geo
Edition number 21
100 ## - Rafti
Rafti 16
101 ## - Shkurtesa
Shkurtesa his
245 02 - TITLE STATEMENT
Title A historical guide to the U.S. government /
Statement of responsibility, etc editor in chief, George Thomas Kurian ; consulting editors, Joseph P. Harahan ... [et al.].
246 3# - VARYING FORM OF TITLE
Title proper/short title Historical guide to the United States government
504 ## - BIBLIOGRAPHY, ETC. NOTE
Bibliography, etc Includes bibliographical references and index.
906 ## - LOCAL DATA ELEMENT F, LDF (RLIN)
a 7
b cbc
c orignew
d 1
e ocip
f 19
g y-gencatlg
942 ## - ADDED ENTRY ELEMENTS (KOHA)
Source of classification or shelving scheme
Item type Books
Holdings
Withdrawn status Lost status Source of classification or shelving scheme Damaged status Not for loan Collection code Permanent location Current location Shelving location Date acquired Total Checkouts Full call number Barcode Date last seen Price effective from Koha item type
          Koleksioni i përgjithshem UBT - Lipjan UBT - Lipjan Koleksioni i përgjithshem 03/02/2018   352.30973 geo 002-3000542 03/02/2018 03/02/2018 Books
UBT Library © 2015-2024. All rights reserved University Education for Business and Technology